Bilecik Bilecik Bilecik Bilecik Bilecik

Türk tarih felsefesi/ (Record no. 9382)

MARC details
000 -BAŞLIK
Sabit Uzunluktaki Kontrol Alanı 02182nam a22003857a 4500
001 - KONTROL NUMARASI
Control Dosyası 0009410
003 - KONTROL NUMARASI KİMLİĞİ
Kontrol Alanı KOHA_MİRAKIL
005 - EN SON İŞLEM TARİHİ ve ZAMANI
Kontrol Alanı 20260207001708.0
007 - FİZİKSEL TANIM SABİT ALAN - GENEL BİLGİ
Sabit uzunluklu kontrol alanı ta
008 - SABİT UZUNLUKTAKİ VERİ ÖGELERİ - GENEL BİLGİ
Sabit Alan 091020b2008 tu |||gr||||#0|||0|tur |
020 ## - ISBN - ULUSLARARASI STANDART KİTAP NUMARASI
Isbn 9789754376975
040 ## - KATALOGLAMA KAYNAĞI
Özgün Kataloglama Kurumu TR-BiSEU
Kataloglama Dili tur
Çeviri Kurumu TR-BiSEU
Açıklama Kuralları rda
041 0# - DİL KODU
Metin ya da ses kaydının dil kodu tur
044 ## - YAYINLAYAN/ÜRETEN KURULUŞUN ÜLKE KODU
ISO country code tu
050 ## - SINIFLAMA ve YER NUMARASI
Sınıflama Numarası DR486
Yer Numarası .N59 2008
100 1# - KİŞİ ADI
Yazar Adı (Kişi adı) Niyazi, Mehmed.
245 1# - ESER ADI BİLDİRİMİ
Başlık Türk tarih felsefesi/
Sorumluluk Bildirimi Mehmed Niyazi ; Mehmed Niyazi.
264 #1 - ÜRERİM, YAYIN, DAĞITIM ve TELİF BİLDİRİMİ
Yayın yeri İstanbul :
Yayınlayan Ötüken Neşriyat
Yayın tarihi 2008
300 ## - FİZİKSEL TANIMLAMA
Sayfa, Cilt vb. 319 sayfa
336 ## - İÇERİK TÜRÜ
Content type term metin
Content type code txt
Source rdacontent
337 ## - MEDYA TÜRÜ
Media type term aracısız
Media type code n
Source rdamedia
338 ## - TAŞIYICI TÜRÜ
Carrier type term cilt
Carrier type code nc
Source rdacarrier
490 1# - DİZİ BİLDİRİMİ
Dizi Bildirimi Ötüken ;
Cilt Numarası yayın no.
490 1# - DİZİ BİLDİRİMİ
Dizi Bildirimi 742.
490 1# - DİZİ BİLDİRİMİ
Dizi Bildirimi Kültür serisi ;
Cilt Numarası 374.
500 ## - GENEL NOT
Genel Not Kaynakça ve dizin var.
505 ## - İÇİNDEKİLER NOTU
İçindekiler Notu Hayat canlı bir organizma gibidir; gelenek ve göreneklerimiz, yönetim sistemimiz, yemeklerimiz, elbiselerimiz her geçen günle değişiyor. Bu değişmeler hayatın dinamizminin bir sonucudur. Bünyesindeki bu muharrik güçten yoksun bulunsaydı, fosilleşmek hayatın kaderi olurdu. Canlılığın kaçınılmaz bir özelliği olan değişmelerde bizi toplum olarak devam ettiren tarih şuurudur. Bu şuurumuz eksik olursa, her renkten renge girişimizde kendimizi milletçe yeni bir kişiliğe kavuşmuş zannederiz; bu da milli şuurumuzun parçalanmasına, şizofrenik bir hal almasına sebep olur.
650 #0 - KONU BAŞLIĞI EK GİRİŞ - KONU TERİMİ
Konusal terim veya coğrafi ad Turks--History / Türkler--Tarihi.
9 (RLIN) 23322
650 #0 - KONU BAŞLIĞI EK GİRİŞ - KONU TERİMİ
Konusal terim veya coğrafi ad Turks--History--Philosophy / Türkler--Tarihi--Felsefe.
9 (RLIN) 23323
830 1# - SERİ EK GİRİŞİ - TEKBİÇİM ESER ADI
Tekbiçim Başlık Ötüken ;
Volume number/sequential designation yayın no.
9 (RLIN) 23324
830 1# - SERİ EK GİRİŞİ - TEKBİÇİM ESER ADI
Tekbiçim Başlık 742.
9 (RLIN) 7489
830 1# - SERİ EK GİRİŞİ - TEKBİÇİM ESER ADI
Tekbiçim Başlık Kültür serisi ;
Volume number/sequential designation 374.
9 (RLIN) 5523
907 ## - LOCAL DATA ELEMENT G, LDG (RLIN)
a Tarih
942 ## - EK GİRİŞ ÖGELERİ (KOHA)
Source of classification or shelving scheme Library of Congress Classification
Koha item type Book
505 ## - İÇİNDEKİLER NOTU
--
-- Milli şuurun biricik kaynağı tarihtir. Milli şuurun realiteyi ifade edebilmesi için dayandığı tarihin doğru olması lazımdır. Tarihin doğru olup olmadığının tespiti de ancak "tarih felsefesi" süzgecinden geçirilmesiyle mümkündür. Bugüne kadar "Türk Tarih Felsefesi"ne dair ne bir makalenin, ne de bir kitabın yazılmadığını düşünürsek, Mehmed Niyazi'nin "Türk Tarih Felsefesi'nin nasıl bir boşluğu doldurduğunu idrak ederiz.
Holdings
Materyal Türü Kalıcı Konum Mevcut Konum Raf Yeri Sınıflandırma Kaynağı Edinim Bilgisi Ana Konular Alt Konular Yer Numarası Demirbaş Numarası Fatura Tarihi Maliyet, Alış Fiyatı Maliyet, Yenileme Fiyatı Geri Çekilme Durumu Kayıp Durumu Hasarlı Durumu Kredi için değil Kayıt Tarih Toplam Ödünçverme Son Görülme Tarihi Son Kontrol Tarihi Genel / Bağış Notu
Book Prof. Dr. Azmi Özcan Kütüphanesi Prof. Dr. Azmi Özcan Kütüphanesi Uluğbey Salonu Library of Congress Classification Bağış DÜNYA TARİHİ (AVRUPA, ASYA, AFRİKA VB.) Balkan Yarımadası DR486 .N59 2008 0009410 13/08/2010 15.00 15.00         20/10/2009 18 05/12/2024 05/12/2024 Ötüken Yayınevi